| 000 | 01151cam a22003377a 4500 | ||
|---|---|---|---|
| 003 | CHAP | ||
| 005 | 20220329134337.0 | ||
| 008 | 971013s1976 r 00010 d | ||
| 010 | _a19062 | ||
| 011 | _a20034 | ||
| 035 | _a24121 | ||
| 040 | _cCHAP | ||
| 090 | _aTesis | ||
| 100 | 0 | 0 |
_aDíaz Hernández, Pedro Armando. _933508 |
| 245 | 0 | _aEstudio de prefactibilidad para el establecimiento de una planta descascaradora de nuez en el municipio de Allende, Chih. | |
| 260 |
_aMéxico, D.F. : _bEl autor, _c1976 |
||
| 300 | _a157 h. | ||
| 502 | _aTesis (Lic. en Economía) -- UNAM. Esc. Nal. de Economía | ||
| 590 |
_aALEPH _b10 _c20130110 _lUCH01 _h1242 |
||
| 590 |
_aBATCH-UPD _b10 _c20130110 _lUCH01 _h0138 |
||
| 590 |
_aBATCH-UPD _b10 _c20130110 _lUCH01 _h2318 |
||
| 590 |
_aBATCH-UPD _b10 _c20130410 _lUCH01 _h1609 |
||
| 590 |
_aBATCH-UPD _b10 _c20130914 _lUCH01 _h1842 |
||
| 590 |
_aCONVERSION _b10 _c20130109 _lUCH01 _h1312 |
||
| 650 | 1 | 4 |
_aNuez _xChihuahua. _982174 |
| 650 | 1 | 4 |
_aNuez _xProcesado. _982189 |
| 901 | _aBK | ||
| 942 | _cFOLL | ||
| 949 |
_bBC _cTES _d-55753 _eTS1 _h17895 _i24121 _si |
||
| 949 |
_bBC _cTES _d-55754 _eTS2 _fc.2 _h18004 _i24121 _si |
||
| 999 |
_c19062 _d19062 |
||